Central Library OPAC University of Rajshahi

Studies in Anglo-French history during the eighteenth, nineteenth and twentieth centuries / (Record no. 24604)

MARC details
000 -LEADER
fixed length control field 00932nam a2200253 a 4500
001 - CONTROL NUMBER
control field 24604
003 - CONTROL NUMBER IDENTIFIER
rucl marc code BD-RjUL
005 - DATE AND TIME OF LATEST TRANSACTION
control field 20211209001055.0
008 - FIXED-LENGTH DATA ELEMENTS--GENERAL INFORMATION
fixed length control field 140313s1935 enk 000 0 eng
035 ## - SYSTEM CONTROL NUMBER
System control number (BD-RjUL)24673
040 ## - CATALOGING SOURCE
Original cataloging agency (BD-RjUL)24673
Language of cataloging eng
Transcribing agency BD-RjUL
Modifying agency BD-RjUL
041 ## - LANGUAGE CODE
Language code of text/sound track or separate title eng
082 ## - DEWEY DECIMAL CLASSIFICATION NUMBER
Classification number 942
Author mark and year STU 1935
245 00 - TITLE STATEMENT
Title Studies in Anglo-French history during the eighteenth, nineteenth and twentieth centuries /
Statement of responsibility, etc. edited by Alfred Coville and Harold Temperley.
260 ## - PUBLICATION, DISTRIBUTION, ETC. (IMPRINT)
Place of publication, distribution, etc. Cambridge :
Name of publisher, distributor, etc. Cambridge University Press,
Date of publication, distribution, etc. 1935.
300 ## - PHYSICAL DESCRIPTION
Pagination xv, 180 p. :
Size 23 cm.
504 ## - BIBLIOGRAPHY, ETC. NOTE
Bibliography, etc Includes index.
651 #0 - SUBJECT ADDED ENTRY--GEOGRAPHIC NAME
Geographic name Great Britain
General subdivision Foreign relations
Geographic subdivision France.
9 (RLIN) 75737
Geographic name France
General subdivision Foreign relations
Geographic subdivision Great Britain.
9 (RLIN) 75738
Geographic name Europe
General subdivision Politics and government
9 (RLIN) 75739
700 1# - ADDED ENTRY--PERSONAL NAME
Personal name Coville, Alfred,
Dates associated with a name 1860-1942.
Personal name Temperley, Harold William Vazeille,
Dates associated with a name 1879-1939.
942 ## - ADDED ENTRY ELEMENTS (KOHA)
Source of classification or shelving scheme Dewey Decimal Classification
Koha item type Books
Holdings
Lost status Source of classification or shelving scheme Damaged status Not for loan Collection code Permanent Location Current Location Shelving location Date acquired Source of acquisition Cost, normal purchase price Total Checkouts Full call number Date last seen Copy number Koha item type
  Dewey Decimal Classification   Added to bundle Non-fiction Central Library, University of Rajshahi Central Library, University of Rajshahi Reading Room 17/11/1956 A.B.C 3.00   942 STU 1935 13/03/2014 C-1 Books